000 00726nam a2200229Ia 4500
003 OSt
005 20220923223853.0
006 a|||||r|||| 00| 0
007 ta
008 Pun
024 _a222,605
037 _cTextual
040 _aARTS
_cARTS
_bPun
041 _2Pun
_aPun
082 _aV243911:21wL14, 153P2
100 _aਕਿਰਪਾਲ ਸਿੰਘ
245 0 _aਜੀਵਨ ਬਿਰਤਾਂਤ ਬਾਬਾ ਆਲਾ ਸਿੰਘ
260 _aਅਮ੍ਰਿਤਸਰ
_b ਗੁਰੂ ਨਾਨਕ ਦੇਵ ਯੁਨੀਵਰਸਿਟੀ
_c2002
300 _a116ਪੰ
_ccm.
942 _hV243911:21wL14, 153P2
_cTEXL
_2CC
999 _c367889
_d367889